Fr. Conceicao Rodrigues College of Engineering

Newnes practical RF Handbook (Record no. 18193)

MARC details
000 -LEADER
fixed length control field 00337nam a2200169Ia 4500
082 ## - DEWEY DECIMAL CLASSIFICATION NUMBER
Classification number 621.3615
Item number HIC
100 ## - MAIN ENTRY--PERSONAL NAME
Personal name Hickman/Ian
250 ## - EDITION STATEMENT
Edition statement 3
245 ## - TITLE STATEMENT
Title Newnes practical RF Handbook
260 ## - PUBLICATION, DISTRIBUTION, ETC.
Name of publisher, distributor, etc. Newnes
Date of publication, distribution, etc. 2002
366 ## - TRADE AVAILABILITY INFORMATION
Publishers's discount category 20
300 ## - PHYSICAL DESCRIPTION
Extent 279
546 ## - LANGUAGE NOTE
Language note ENGLISH
-- TTL
650 ## - SUBJECT ADDED ENTRY--TOPICAL TERM
Topical term or geographic name entry element Handbook
654 ## - SUBJECT ADDED ENTRY--FACETED TOPICAL TERMS
Focus term RF
942 ## - ADDED ENTRY ELEMENTS (KOHA)
Koha item type BOOK
Holdings
Withdrawn status Lost status Damaged status Not for loan Collection Home library Current library Date acquired Source of acquisition Cost, normal purchase price Inventory number Total Checkouts Full call number Barcode Date last seen Cost, replacement price Price effective from Koha item type
        CRC Fr. Agnel's C.Rodrigues College of Engineering Fr. Agnel's C.Rodrigues College of Engineering 17/03/2023 Bombay Books 280.00 63 dt 09.06.2014   621.3615 HIC 23275 17/03/2023 350.00   BOOK